Faculty of Law Library — Cairo University

Official Online Catalog

Principles of Egyptian criminal law : (Record no. 50801)

MARC details
000 -LEADER
fixed length control field 00867nac a2200277 i 4500
003 - CONTROL NUMBER IDENTIFIER
control field EG-GICUC
005 - DATE AND TIME OF LATEST TRANSACTION
control field 20260121101509.0
008 - FIXED-LENGTH DATA ELEMENTS--GENERAL INFORMATION
fixed length control field 251216b2004 ua ||||fr|||| 00| 0 eng d
040 ## - CATALOGING SOURCE
Original cataloging agency EG-GiCUC
Language of cataloging eng
Transcribing agency EG-GiCUC
Modifying agency EG-GiCUC
Description conventions rda
082 04 - DEWEY DECIMAL CLASSIFICATION NUMBER
Edition number 21
Classification number 343.1062
092 04 - LOCALLY ASSIGNED DEWEY CALL NUMBER (OCLC)
Edition number 21
099 ## - LOCAL FREE-TEXT CALL NUMBER (OCLC)
Classification number Law 10 2004
100 1# - MAIN ENTRY--PERSONAL NAME
Personal name Belal, Ahmed.
245 10 - TITLE STATEMENT
Title Principles of Egyptian criminal law :
Remainder of title The general part /
Statement of responsibility, etc. Dr. Ahmed Belal.
250 ## - EDITION STATEMENT
Edition statement 1st edition.
264 ## - PRODUCTION, PUBLICATION, DISTRIBUTION, MANUFACTURE, AND COPYRIGHT NOTICE
Place of production, publication, distribution, manufacture Alexandria :
Name of producer, publisher, distributor, manufacturer Dar el gamaa el gidida,
Date of production, publication, distribution, manufacture, or copyright notice 2004.
300 ## - PHYSICAL DESCRIPTION
Extent 373 pages ;
Dimensions 25 cm
336 ## - CONTENT TYPE
Source rda content
Content type term text
337 ## - MEDIA TYPE
Source rda media
Media type term Computer
338 ## - CARRIER TYPE
Source rda carrier
Carrier type term Online Resource
500 ## - GENERAL NOTE
General note Book1 : The theory of criminal offences
650 10 - SUBJECT ADDED ENTRY--TOPICAL TERM
Topical term or geographic name entry element Criminal law
Geographic subdivision Egypt
856 40 - ELECTRONIC LOCATION AND ACCESS
Uniform Resource Identifier <a href="https://fll.law.cu.edu.eg/fulltext/bks/ENGB10-00049.pdf">https://fll.law.cu.edu.eg/fulltext/bks/ENGB10-00049.pdf</a>
905 ## - Cataloger and Reviser Names
Cataloger Name: Hend El khosy
942 ## - ADDED ENTRY ELEMENTS (KOHA)
Source of classification or shelving scheme Dewey Decimal Classification
Koha item type Books
Edition 21
Suppress in OPAC No
Holdings
Withdrawn status Lost status Source of classification or shelving scheme Damaged status Not for loan Collection Home library Current library Date acquired Total checkouts Full call number Barcode Date last seen Copy number Price effective from Koha item type Public note Materials specified (bound volume or other part)
    Dewey Decimal Classification     القانون الجنائي جــــامعة القــاهرة مكتبة كلية الحقوق - فـرع الشيخ زايد 16.12.2025   Law2 TB 10 343.1062 BE . P 2004 1000049 C1 ENGB10-00049 16.12.2025 1 16.12.2025 Books 227  
    Dewey Decimal Classification     القانون الجنائي جــــامعة القــاهرة مكتبة كلية الحقوق - فـرع الشيخ زايد 16.12.2025   Law2 TB 10 343.1062 BE . P 2004 1000050 C2 ENGB10-00050 16.12.2025 2 16.12.2025 Books 1951  
    Dewey Decimal Classification   Not for loan القانون الجنائي جــــامعة القــاهرة مكتبة كلية الحقوق - فـرع الشيخ زايد 16.04.2026   Law1 10 343.1062 BE . P 1 ed - 2004 1009182 V1, C3 B10-09182 16.04.2026 3 16.04.2026 Books   V1

© All rights reserved — Faculty of Law, Cairo University